000 00473nam a2200169Ia 4500
008 090123s9999 xx 000 0 und d
082 _b496
_a891.463/पाध्ये
100 _aपाध्ये भाऊ
245 _aवासूनाका
250 _a0
300 _a185
600 _aपाध्ये भाऊ
630 _aवासूनाका
700 _aपाध्ये भाऊ
730 _aवासूनाका
942 _cBOOK
999 _c38584
_d38584